Score 0/25 Timer 03:00
1 Play Today
Hint Answer % Correct
_____ AnatomyGrey's
96.9%
_____ ViceMiami
96%
_____ by the BellSaved
96%
_____ It to BeaverLeave
93%
_____ 66Route
92.3%
_____ from the CryptTales
87.2%
The _____ LimitsOuter
84.8%
_____ GordonFlash
82.3%
_____ DaysHappy
81.7%
_____ and the BrainPinky
81.2%
_____ CourtNight
80.4%
_____ the DomeUnder
78.3%
_____ and the PussycatsJosie
78.2%
Hint Answer % Correct
_____ New Scooby-Doo?What's
71.6%
_____ HerculesYoung
58%
_____ & KelKenan
56.2%
_____ Like a FoxCrazy
54.6%
_____ Smith and JonesAlias
50.6%
_____ of the SouthQueen
44.4%
_____ MomsDance
38.8%
_____, IndianaEerie
36.8%
The _____ of DibleyVicar
33.9%
_____ BooksBlack
18.9%
_____ and SonZorro
12.6%
_____ 9: New DawnXyber
3%

Today's Daily Dose

Remove Ads.
Support Sporcle.
Get the best of Sporcle when you Go Orange. This ad-free experience offers more features, more stats, and more fun while also helping to support Sporcle. Thank you for becoming a member.

You're not logged in!

Compare scores with friends on all Sporcle quizzes.
OR
Log In

Show Comments

Extras

Top Quizzes Today


Score Distribution

Your Account Isn't Verified!

In order to create a playlist on Sporcle, you need to verify the email address you used during registration. Go to your Sporcle Settings to finish the process.

Report this User

Report this user for behavior that violates our Community Guidelines.

Details: